000 00558nam a2200157 a 4500
008 120416s1985 ||||||||||||||||| || u
020 _a0300039360
050 _aHB 73 Sta
100 _aStaniland, Martin
245 1 0 _aWhat is the political economy?
246 _aa study of social theory and underdevelopment
260 _aNew Haven
_bYale University
_c1985
300 _axi, 229p.
350 _a0.00
995 _D0.00
_FCBU-MAIN LIBRARY (Kitwe)
_H1
_I30.00
_UAVAILABLE
_ZMain Library Open Access Collection
999 _c61653
_d61653